000
00345nam a2200157Ia 4500
100
_a
Akin/J.E
650
_a
FEM
942
_c
RB
366
_f
20
654
_a
finite element analysis
245
_a
Finite element analysis with error estimators
260
_b
Elsevier
_c
2005
300
_a
447
546
_a
ENGLISH
_c
Info.Tech
999
_c
24982
_d
24982